000 00397nam a2200181Ia 4500
005 20250423094515.0
008 250422s9999 xx 000 0 und d
020 _a0-8384-5815-7
050 _aPC412.L48
100 _aNancy Levy - Konesky
245 0 _aAsies
260 _aCalifornia
260 _bHeinle
260 _c2004
300 _a570 p
650 _aSpanish Language
942 _cBK
999 _c27440
_d27440